000 00203 a2200097 4500
001 8082
100 _aKingston Mc Cloughky E J
245 _aGlobal Strategy
260 _a
_bCape
_c
090 _c6485
_d6485
942 _aNUST-CAE
_cM
_c33028
999 _c243155
_d243155